Intensidad de la competencia y parámetros de conducta en el sector bancario hondureño (Registro nro. 15205)

Detalles MARC
000 -LEADER
fixed length control field 00361 a2200109 4500
001 - CONTROL NUMBER
control field ART_30927
005 - DATE AND TIME OF LATEST TRANSACTION
control field 20260410161701.0
008 - FIXED-LENGTH DATA ELEMENTS--GENERAL INFORMATION
fixed length control field 260409a
100 1# - MAIN ENTRY--PERSONAL NAME
Personal name Coloma, Germán
245 10 - TITLE STATEMENT
Title Intensidad de la competencia y parámetros de conducta en el sector bancario hondureño
773 0# - HOST ITEM ENTRY
Title Ensayos Económicos
Related parts - Nº 70 (jun. 2014)
Record control number REV620

No hay ítems disponibles.